00758nam a22002057a 450000500170000001000150001702000260003203500140005803700090007208200110008110000260009224501010011825000060021926000340022527000800025930000200033994200220035999900190038195201520040020260209104130.0 aENG-147748 a9788199024311c695.00 aEN-131280 bDBAD a92121 aGupta, Uma Das987206 aA History of Santiniketan:b Rabindranath Tagore and His Life's Work 1861 - 1941/cUma Das Gupta a1 aNew DelhibNiyogi Booksc2025 aBlock D, Building No. 77, Okhla Industrial Area, Phase-IbNew Delhie110020 a220p.c23cm(hb) 2ddccENh921mGUP c214736d214736 001040708NFICaJPbJPd2026-02-09eDelivery of Books Act Divisiong695.00l0o921 GUPpEN-131280r2026-02-09 00:00:00t1v695.00w2026-02-09yEN